Final Fantasy VII Weapons Quiz Stats

Quiz not verified by Sporcle

Challenge
Share
Tweet
Embed
Score 0/126 Timer 20:00
0 Plays Today
Character Answer % Correct
Cloud StrifeBuster Sword
99.4%
Ultima Weapon
94.9%
HP Shout
81.4%
Death Penalty
81.4%
Black M-Phone
81.1%
Apocalypse
80.8%
Premium Heart
80.8%
Blue M-Phone
80.8%
Red M-Phone
80.5%
Nail Bat
80.2%
Yellow M-Phone
80.2%
Green M-Phone
80.2%
White M-Phone
79.9%
Ragnarok
79.3%
Venus Gospel
79%
Conformer
78.7%
Princess Guard
78.4%
Hardedge
78.1%
Missing Score
77.8%
Crystal Sword
76.6%
Tifa LockheartLeather Glove
76%
Barret WallaceGatling Gun
75.1%
Umbrella
75.1%
Limited Moon
75.1%
Cid HighwindSpear
74.8%
Organics
73%
Butterfly Edge
72.7%
Cait SithSilver M-Phone
71.8%
Rune Blade
70.6%
Heaven's Cloud
70.6%
Gold M-Phone
70.6%
Atomic Scissors
69.7%
Yuffie Kisaragi4-Point Shuriken
69.1%
Forcestealer
67.3%
Murasame
67%
Yoshiyuki
65.8%
God's Hand
65.8%
Mythril Saber
65.2%
Work Glove
65.2%
Mop
64.3%
W Machine Gun
63.7%
Mythril Rod
63.7%
Character Answer % Correct
Crystal M-Phone
63.7%
Vincent ValentinePeacemaker
63.7%
Dragoon Lance
63.7%
Crystal Glove
63.1%
Aeris/Aerith GainsboroughGuard Stick
63.1%
Trident
63.1%
Red XIIIMythril Clip
62.5%
Metal Knuckle
61.9%
Rocket Punch
61.9%
Seraph Comb
61.3%
Shotgun
61%
Rising Sun
60.4%
Wizard Staff
59.8%
Crystal Comb
59.5%
Kaiser Knuckle
59.2%
Striking Staff
58.9%
Mythril Claw
58.6%
Boomerang
58.3%
Javelin
57.4%
Fairy Tale
56.8%
Motor Drive
56.5%
Tiger Fang
56.5%
Chainsaw
56.5%
Assault Gun
56.2%
Max Ray
56.2%
Full Metal Staff
56.2%
Trumpet Shell
56.2%
Buntline
55.9%
Oritsuru
55.6%
Spring Gun Clip
55.3%
Starlight Phone
55.3%
Cannon Ball
55%
Microlaser
54.7%
Super Ball
54.7%
Silver Rifle
54.7%
Behemoth Horn
54.4%
Dragon Claw
54.1%
Sniper CR
54.1%
Magic Shuriken
53.5%
Battle Trumpet
52.9%
Powersoul
52.6%
Hairpin
52.3%
Character Answer % Correct
Outsider
52.3%
Crystal Cross
51.7%
Winchester
51.7%
Enhance Sword
51.4%
Diamond Pin
51.4%
Magic Comb
51.4%
Flayer
51.1%
Gold Barrette
50.8%
Scimitar
50.8%
Wiser Staff
50.5%
Silver Barrette
50.5%
Twin Viper
49.5%
Long Barrel R
49.5%
Drill Arm
49.2%
Supershot ST
49.2%
Partisan
49.2%
Diamond Knuckle
48.6%
Pinwheel
48.3%
Shortbarrel
48.3%
Pile Banger
48%
Quicksilver
46.8%
Platinum Fist
46.5%
AM Cannon
45.3%
Lariat
45.3%
Grow Lance
45.3%
Wind Slash
45%
Plus Barrette
44.7%
Viper Halberd
44.1%
Aurora Rod
42.9%
Master Fist
42.3%
Enemy Launcher
42%
Prism Staff
42%
Grand Glove
41.4%
Heavy Vulcan
41.1%
Spiral Shuriken
40.8%
Hawkeye
39%
Razor Ring
38.7%
Mast Ax
38.1%
Spirit Lance
37.8%
Slash Lance
37.5%
Solid Bazooka
37.2%
Cent Clip
36.9%

You're not logged in!

Compare scores with friends on all Sporcle quizzes.
Sign Up with Email
OR
Log In

You Might Also Like...

Show Comments

Extras

Top Quizzes Today


Score Distribution

Your Account Isn't Verified!

In order to create a playlist on Sporcle, you need to verify the email address you used during registration. Go to your Sporcle Settings to finish the process.